Le Lesotho pour les touristes... - Facile - Statistiques

Statistiques générales
  • Ce quiz a été pris 6 fois
  • Le résultat moyen est 12 sur 20
Statistiques - réponses
Question Indice Réponses Indice facile % Correct
La religion majoritaire est Christianisme C
100%
Ce pays est plus grand que la France (oui/non) Non
100%
Achats à faire 1/ Sculpture en bois d' Animaux AUNAIMX
83%
Code sur les plaques minéralogiques LS
83%
Le suffixe internet est ls
83%
Achats à faire 3/ Se porte sur le visage Masque SQUAME
83%
Quel est le régime du pays ? MC Monarchie constitutionnelle
83%
Quel pays a accordé son indépendance à celui-ci ? Royaume-Uni
83%
Dans la capitale quel est le décalage horaire avec Paris ? (+ ou - et chiffre) ex - 10 ou + 3,5 0
67%
Achats à faire 2/ Couvre-chef Chapeau APACHEU
67%
Quelles sont les principaux lieux touristiques ? S {Sani} pass SAIN
67%
Quelle est la langue officielle ? Maseru M
50%
Le principal aéroport est M Maseru
50%
Quel est le climat local ? C Continental
33%
Quelles sont les principaux lieux touristiques ? K {Katse} dam SKATE
33%
Quelle est la monnaie ? Loti L
33%
Achats à faire 4/ Couverture Basotho BOOSTAH
17%
Quelles sont les principaux lieux touristiques ? M Chutes de {Maletsunyane} ENNUYAMESALT
17%
Quelles sont les principaux lieux touristiques ? L Grottes de {Liphofung} PIGNOUFHL
17%
Quelles sont les principaux lieux touristiques ? D Montagnes du {Drakensberg} DERANGERBKS
17%
Aucun quiz correspondant
Distribution des résultats
% des personnes avec chaque résultat
Percentile par nombre de réponses
Votre historique - résultats
Vous n’avez pas pris ce quiz